000 00335 a2200121 4500
000 nam a22 7a 4500
005 20260515104944.0
020 _a9781009429665
100 _aRobert F. H. Fischer
_91240106
245 _aDigital Communications: A Foundational Approach
260 _bCambridge University Press
_c2024
942 _cTEXL
999 _c1851923
_d1851923